MODEL FOR EVALUATING COST OF FIBRE AND ETHERNET CABLE LAN INFRASTRUCTURES IN NYERI AND NAIROBI (Record no. 216825)

MARC details
000 -LEADER
fixed length control field 00457nam a22001457a 4500
008 - FIXED-LENGTH DATA ELEMENTS--GENERAL INFORMATION
fixed length control field 260311b |||||||| |||| 00| 0 eng d
050 ## - LIBRARY OF CONGRESS CALL NUMBER
Classification number THE TK 5103 .59 .M83 2016
Item number 1
100 ## - MAIN ENTRY--PERSONAL NAME
Personal name MUCHANGI GATHONDU PETER
245 ## - TITLE STATEMENT
Title MODEL FOR EVALUATING COST OF FIBRE AND ETHERNET CABLE LAN INFRASTRUCTURES IN NYERI AND NAIROBI
260 ## - PUBLICATION, DISTRIBUTION, ETC.
Place of publication, distribution, etc. KISII
Name of publisher, distributor, etc. KSU
Date of publication, distribution, etc. 2016
300 ## - PHYSICAL DESCRIPTION
Extent XIII,90P;ILL
500 ## - GENERAL NOTE
General note INCLUDES REFERENCES
942 ## - ADDED ENTRY ELEMENTS (KOHA)
Source of classification or shelving scheme Library of Congress Classification
Koha item type Short Loan Book

No items available.